000 00642nam a2200193 i 4500
001 44671
003 ES-MaACL
005 20250927121451.0
007 t|
008 030324s1983 sp ||||1| spa d
245 0 0 _aCinco estudios alcaidianos
_b: (de varios autores).
260 _aValdepeñas :
_bAyuntamiento de Valdepeñas,
_c[1983]
300 _a147 p. ;
_c20 cm.
490 1 _aColeccion "Juan Alcaide" ;
_v3
600 1 7 _aAlcaide Sánchez, Juan,
_d1907-1951-
_xCrítica e interpretación
_2
_9160948
830 0 _aColección "Juan Alcaide"
_v3
_9182027
852 _aES-MaACL
_jL-4578
_bR.105194
999 _c44671
_d44671